000 01157cam a2200325 i 4500
001 14448057
003 EG-ScBUE
005 20241125100958.0
008 060712t2008 nyuadk f b 001 0 eng d
020 _a0072943041
020 _a9780072943047
040 _aDLC
_beng
_erda
_cDLC
_dDLC
_dEG-ScBUE
082 0 4 _a519.5
_222
_bRIT
100 1 _aRitchey, Ferris Joseph,
_eauthor.
_937362
245 1 4 _aThe statistical imagination :
_belementary statistics for the social sciences /
_cFerris J. Ritchey, Department of Sociology, University of Alabama at Brimingham.
250 _aSecond edition.
264 1 _aNew York, United States :
_bMcGraw Hill,
_c[2008]
264 4 _cc2008
300 _axvi, 656 pages :
_bcharts, forms, tables ;
_c24 cm
336 _2rdacontent
_atext
_btxt
337 _aunmediated
_2rdamedia
_bn
338 _avolume
_bnc
_2rdacarrier
500 _aIncludes appendixes.
504 _aIncludes bibliographical references and index.
650 7 _aSocial sciences
_xStatistical methods.
_2BUEsh
_93257
650 7 _aStatistics.
_2BUEsh
_92829
653 _bBUSADM
_cFebruary2015
655 _vReading book
_934232
942 _2ddc
_cBB
999 _c18955
_d18927